000 01018nam a22003137a 4500
001 BR2015002383
003 BR-BrBNA
005 20230928104619.0
007 ta
008 230509b bl.||||| |||| 00| 0 por d
040 _aBR-BrBNA
_bpor
_cBiblioteca Nacional de Agricultura
041 _a(Por)
072 _aP34
090 _ P34 BR2015002383
100 1 _aAraújo, K.S.
110 1 _aUniversidade Federal de Lavras, MG (Brasil)
_0Dissertação (Pós-Graduação em Microbiologia Agrícola)
245 1 _aEficiência simbiótica e identificação de estirpes de Burkholdeira oriundas de campos rupestres
260 3 _aLavras, MG (Brasil):
_c2014.
300 _a126 p.
500 _aSummaries (Eng, Por); Several bibliography; 12 ilhus.
650 _aFIXAÇÃO SIMBIÓTICA DE NITROGÊNIO
650 _aËSTIRPE
650 _aIDENTIFICAÇÃO
650 _aLEGUMINOSA
650 _aDETERIORAÇÃO DO SOLO
650 _aRECUPERAÇÃO DO SOLO
909 _a202309
_bLucia
_c55
_dLucia Elande
942 _cBK
999 _c80850
_d80850